000 00860nam a2200241 a 4500
001 BRCA_4676
005 20190320204748.0
008 020222s2001 sp-|######---#000-0#spa-#
020 _a8488333536
041 _aspa
044 _asp
050 4 _aPQ6433
_b.S54 2001
100 1 _aSierra, Pedro de la
_911586
245 1 0 _aEspejo de príncipes y caballeros
_b(segunda parte)(Alcalá de Henares, Juan Íñiguez de Lequerica, 1580) : guía de lectura
_cPedro de la Sierra y José Julio Martín Romero.
260 _aAlcalá de Henares [España] :
_bCentro de Estudios Cervantinos,
_c2001
300 _a96 p.
_c24 cm.
440 0 _aGuías de lectura caballeresca
_v60
_911865
500 _aIncluye índice general de la colección
504 _aBibliografía: p. [91]-92
700 1 _aMartín Romero, José Julio
_911866
902 _aCERV
942 _2lcc
_cB
999 _c4377
_d4377